UITU Library & LRC     

Voltage/Frequency Control of an Induction Motor Using FPGA (Record no. 33178)

MARC details
000 -LEADER
fixed length control field 00496nam a2200133Ia 4500
008 - FIXED-LENGTH DATA ELEMENTS--GENERAL INFORMATION
fixed length control field 260210s9999 xx 000 0 und d
024 ## - OTHER STANDARD IDENTIFIER
Standard number or code 12B-174-EL, 12B-187-EL, 12B-190-EL & 12B-194-EL
082 ## - DEWEY DECIMAL CLASSIFICATION NUMBER
Classification number 616.07072 SYE
100 ## - MAIN ENTRY--PERSONAL NAME
Personal name Syed Usman Ali Hussaini, Rooshatay Mahtab, Ahsan Nisar & Usman Ghani
245 #0 - TITLE STATEMENT
Title Voltage/Frequency Control of an Induction Motor Using FPGA
260 ## - PUBLICATION, DISTRIBUTION, ETC.
Place of publication, distribution, etc. Karachi:
Name of publisher, distributor, etc. UITU,
Date of publication, distribution, etc. 2012
600 ## - SUBJECT ADDED ENTRY--PERSONAL NAME
Personal name Electrical Engineering
650 ## - SUBJECT ADDED ENTRY--TOPICAL TERM
Topical term or geographic name entry element Bachelor of Engineering (BE)

No items available.

Powered by Koha